<?xml version="1.0" encoding="UTF-8"?><?xml-stylesheet type="text/xsl" href="static/style.xsl"?><OAI-PMH xmlns="http://www.openarchives.org/OAI/2.0/" xmlns:xsi="http://www.w3.org/2001/XMLSchema-instance" xsi:schemaLocation="http://www.openarchives.org/OAI/2.0/ http://www.openarchives.org/OAI/2.0/OAI-PMH.xsd"><responseDate>2026-04-14T08:52:28Z</responseDate><request verb="GetRecord" identifier="oai:www.recercat.cat:2099.1/9674" metadataPrefix="marc">https://recercat.cat/oai/request</request><GetRecord><record><header><identifier>oai:recercat.cat:2099.1/9674</identifier><datestamp>2025-07-22T16:21:12Z</datestamp><setSpec>com_2072_1033</setSpec><setSpec>col_2072_452951</setSpec></header><metadata><record xmlns="http://www.loc.gov/MARC21/slim" xmlns:dcterms="http://purl.org/dc/terms/" xmlns:xsi="http://www.w3.org/2001/XMLSchema-instance" xmlns:doc="http://www.lyncode.com/xoai" xsi:schemaLocation="http://www.loc.gov/MARC21/slim http://www.loc.gov/standards/marcxml/schema/MARC21slim.xsd">
   <leader>00925njm 22002777a 4500</leader>
   <datafield ind2=" " ind1=" " tag="042">
      <subfield code="a">dc</subfield>
   </datafield>
   <datafield ind2=" " ind1=" " tag="720">
      <subfield code="a">Soriano Pérez, Raül</subfield>
      <subfield code="e">author</subfield>
   </datafield>
   <datafield ind2=" " ind1=" " tag="260">
      <subfield code="c">2010-06-17</subfield>
   </datafield>
   <datafield ind2=" " ind1=" " tag="520">
      <subfield code="a">En aquest Projecte Final de Carrera es pretén mostrar les diferents instal·lacions que formaran part d’un edifici de vivendes, locals comercials i aparcament situat a la ciutat de El Prat de Llobregat.&#xd;
En primer lloc, la instal·lació elèctrica, que serà l’encarregada de subministrar l’energia necessària a l’edifici. En segon lloc, la instal·lació de ventilació per a l’aparcament situat a la planta soterrani. També és de gran importància la instal·lació contra incendis de l’edifici, basada en l’extinció, i tenint en compte que és un edifici destinat a vivendes, s’ha dissenyat també la instal·lació de fontaneria i sanejament. Per últim, s’ha dissenyat la instal·lació d’energia solar tèrmica per a l’obtenció d’aigua calent sanitària i la instal·lació de climatització a les vivendes per al confort dels usuaris.</subfield>
   </datafield>
   <datafield tag="653" ind2=" " ind1=" ">
      <subfield code="a">Àrees temàtiques de la UPC::Enginyeria elèctrica::Distribució d'energia elèctrica::Instal·lacions elèctriques</subfield>
   </datafield>
   <datafield tag="653" ind2=" " ind1=" ">
      <subfield code="a">Electric installations</subfield>
   </datafield>
   <datafield tag="653" ind2=" " ind1=" ">
      <subfield code="a">Instal·lacions elèctriques</subfield>
   </datafield>
   <datafield tag="653" ind2=" " ind1=" ">
      <subfield code="a">Habitatges -- Instal·lacions</subfield>
   </datafield>
   <datafield tag="653" ind2=" " ind1=" ">
      <subfield code="a">Instal·lacions de protecció contra el foc</subfield>
   </datafield>
   <datafield ind2="0" ind1="0" tag="245">
      <subfield code="a">Instal·lació elèctrica, aigua, contra incendis i ventilació d'un edifici d'habitatges, locals comercials i aparcament</subfield>
   </datafield>
</record></metadata></record></GetRecord></OAI-PMH>